Statistics for Doja Cat Charting Songs (Billboard Hot 100)

Click here to take the quiz!

General Stats

  • This quiz has been taken 376 times
    (26 since last reset)
  • The average score is 14 of 26

Answer Stats

AlbumWeeks OnPeakArtist(s)Song% Correct
Planet Her43 Weeks#3Doja Cat ft. SZAKiss Me More
88%
Scarlet34 Weeks#1 (3 Weeks)Doja CatPaint the Town Red
88%
Hot Pink38 Weeks#1 (1 Week)Doja Cat ft. Nicki MinajSay So
88%
Planet Her52 Weeks#7Doja CatWoman
72%
Positions28 Weeks#2Ariana Grande ft. Doja Cat & Megan Thee Stallion34 + 35
68%
Hot Pink20 Weeks#16Doja CatStreets
68%
Scarlet27 Weeks#7Doja CatAgora Hills
64%
Pretty Bitch Music30 Weeks#14Saweetie & Doja CatBest Friend
60%
Birds of Prey: The Album1 Week#100Doja CatBoss Bitch
60%
Planet Her1 Week#57Doja Cat ft. Ariana GrandeI Don't Do Drugs
60%
Planet Her43 Weeks#11Doja Cat & The WeekndYou Right
60%
Scarlet2 Weeks#46Doja CatDemons
56%
Amala (Deluxe Version) and Hot Pink20 Weeks#41Doja Cat & TygaJuicy
56%
Hot Pink18 Weeks#50Doja Cat ft. Gucci ManeLike That
56%
Elvis: Original Motion Picture Soundtrack30 Weeks#10Doja CatVegas
56%
Planet Her37 Weeks#20Doja CatGet Into It (Yuh)
52%
Scarlet3 Weeks#31Doja CatAttention
48%
Planet Her48 Weeks#8Doja CatNeed to Know
48%
Planet Her13 Weeks#24Doja CatAin't Shit
44%
Positions2 Weeks#32Ariana Grande ft. Doja Catmotive
44%
American Dream4 Weeks#1921 Savage & Doja Catn.h.i.e.
40%
Better Mistakes1 Week#58Bebe Rexha ft. Doja CatBaby, I'm Jealous
36%
Amala6 Weeks#86Doja CatCandy
32%
MONTERO1 Week#42Lil Nas X ft. Doja CatSCOOP
32%
Twelve Carat Toothache36 Weeks#3Post Malone & Doja CatI Like You (A Happier Song)
28%
Non-Album Single16 Weeks#43Tyga & Doja CatFreaky Deaky
20%

Score Distribution

Percentile by Number Answered

Percent of People with Each Score

Your Score History

You have not taken this quiz since the last reset